Statistics for Top Defensemen in the NHL 2020 Postseason

Click here to take the quiz!

General Stats

  • This quiz has been taken 36 times
  • The average score is 14 of 16

Answer Stats

#TeamCountryPlayer% Correct
3CapitalsUnited StatesJohn Carlson
100%
1LightningSwedenVictor Hedman
100%
5PenguinsCanadaKris Letang
97%
2PredatorsSwitzerlandRoman Josi
97%
4BluesCanadaAlex Pietrangelo
93%
10CanadiensCanadaShea Weber
93%
8AvalancheCanadaCale Makar
90%
7FlamesCanadaMark Giordano
90%
6Blue JacketsUnited StatesSeth Jones
90%
12CanucksUnited StatesQuinn Hughes
87%
11WildUnited StatesRyan Suter
83%
14BruinsUnited StatesCharlie McAvoy
73%
16StarsSwedenJohn Klingberg
73%
15HurricanesCanadaDougie Hamilton
70%
9HurricanesUnited StatesJaccob Slavin
67%
13BluesCanadaColton Parayko
53%

Score Distribution

Percentile by Number Answered

Percent of People with Each Score

Your Score History

You have not taken this quiz